| 000 | 01053cam a22003614a 4500 | ||
|---|---|---|---|
| 999 |
_c106772 _d106772 |
||
| 003 | BJBSDDR | ||
| 005 | 20230411085734.0 | ||
| 007 | ta | ||
| 008 | 100519s2011 nyua b 001 0 eng | ||
| 020 | _a9780073380902 | ||
| 020 | _a0073380903 | ||
| 035 | _a16242156 | ||
| 040 |
_aDLC _cDLC _bspa |
||
| 041 | _aEng | ||
| 050 | 1 | 4 |
_aHV 5801 _bH325d 2011 |
| 082 | 0 | 0 |
_a362.29 _222 |
| 100 | 1 |
_aHart, Carl L., _d1966- |
|
| 245 | 1 | 0 |
_aDrugs, society, & human behavior / _cCarl L. Hart, Charles Ksir. |
| 246 | 3 | 0 | _aDrugs, society, and human behavior |
| 250 | _a14th ed. | ||
| 260 |
_aNew York : _bMcGraw-Hill, _cc2011. |
||
| 300 |
_axviii, 473 p. : _bcol. ill. ; _c23 cm. |
||
| 504 | _aIncludes bibliographical references and index. | ||
| 650 | 0 | _aDrugs of abuse. | |
| 650 | 0 |
_aDrugs _xSocial aspects. |
|
| 650 | 0 | _aNeuropsychopharmacology. | |
| 650 | 4 |
_aAbuso de drogas _96570 |
|
| 650 | 4 |
_aDrogas _97303 _xAspectos sociales |
|
| 650 | 4 |
_aNeuropsicofarmacología _97304 |
|
| 700 | 1 |
_aKsir, Charles _97305 |
|
| 942 |
_2lcc _cBK |
||
| 946 | _advf | ||